| 000 | 00606nam a22001937a 4500 | ||
|---|---|---|---|
| 999 |
_c13653 _d13653 |
||
| 003 | AR-CdUCM | ||
| 008 | 190416b ||||| |||| 00| 0 spa d | ||
| 040 |
_aMUNICIPALIDAD PROVINCIAL DEL CUSCO _cBIBLIOTECA MUNICIPAL DEL CUSCO |
||
| 082 |
_a869.81 / _bQ71 / 1926 |
||
| 100 |
_aQuiroga, Horacio _917014 |
||
| 245 |
_aLos desterrados : _btipos de ambiente / |
||
| 260 |
_aBuenos Aires ; _bBABEL, _c1926. |
||
| 300 |
_a183 páginas ; _c19 cm. |
||
| 505 | _aEl ambiente -- Los tipos. | ||
| 650 |
_aLiteratura. _983 |
||
| 650 |
_aNovela literaria. _925695 |
||
| 942 |
_2ddc _cFOLLETOS |
||
| 945 |
_awfj _d2019-04-16 |
||